Mundo acuático = Waterworld /

Producido por su protagonista, el actor Kevin Costner, el quinto largometraje dirigido por el norteamericano Kevin Reynolds está situado en un escenario futuro donde la Tierra está cubierta por agua, luego que el efecto invernadero produjera el derretimiento de las capas polares, y la población huma...

Deskribapen osoa

Gorde:
Xehetasun bibliografikoak
Egile nagusia: Reynolds, Kevin (realización)
Beste egile batzuk: Rader, Peter (guión) (guión), Twohy, David N. (guión) (guión), Semler, Dean (fotógrafo) (fotógrafo), Fuller, Scott (fotógrafo) (fotógrafo), Boyle, Peter (montaje) (montaje), Howard, James Newton (música) (música), Costner, Kevin (actuación) (actuación), Hopper, Dennis (actuación) (actuación), Tripplehorn, Jeanne (actuación) (actuación)
Formatua: Diapositiba
Hizkuntza:ingelesa
Argitaratua: EUA : Universal Pictures, 1995, c1995
Gaiak:
Etiketak: Etiketa erantsi
Etiketarik gabe, Izan zaitez lehena erregistro honi etiketa jartzen!

MARC

LEADER 00000ngm^a2200000^a^4500
001 000171376
005 20250521000000.0
009 20260310101341.658
037 |a Acervo ITESO - Biblioteca 
041 |a ING 
082 |a 810.  |b REY 
100 |a Reynolds, Kevin  |e (realización) 
245 1 0 |a Mundo acuático =  |b Waterworld /  |c Realización de K. Reynolds. 
264 1 |a EUA :  |b Universal Pictures,  |c 1995, c1995 
264 2 |a México :  |b Universal Pictures [distribución],  |c 2003, c2003 
300 |a 1 DVD sin dato de región  |c (129 min.) 
336 |a imagen móvil bidimensional  |b tdi  |2 rdacontenido 
337 |a video  |b v  |2 rdamedio 
338 |a videodisco  |b vd  |2 rdasoporte 
520 |a Producido por su protagonista, el actor Kevin Costner, el quinto largometraje dirigido por el norteamericano Kevin Reynolds está situado en un escenario futuro donde la Tierra está cubierta por agua, luego que el efecto invernadero produjera el derretimiento de las capas polares, y la población humana está dividida en tres grupos: eco-comunidades asentadas en atolones fuertemente resguardados; piratas que tienen el monopolio de las escasas reservas de recursos energéticos, y marinos solitarios en busca de comercio. Los piratas han incendiado un atolón, donde buscaban a una joven que se supone tiene tatuado un mapa para localizar un lugar llamado Tierra Seca, pero la dueña del secreto logra escapar con ayuda de una guardiana y de un mutante, con branquias y los pies palmeados. 
546 |a En inglés, con subtítulos opcionales: español, cantonés, coreano, inglés, portugués, thai 
649 |a XX 
650 |a Películas de Ciencia-Ficción 
650 |a Películas Policíacas 
650 |a Cine de Aventuras 
650 |a Dramas Cinematográficos 
650 |a Cine Norteamericano -  |y 1990-1999 
650 |a Cine Norteamericano -  |y Siglo XX 
650 |a Piratas 
650 |a Inundaciones 
650 |a Agua 
650 |a Calentamiento de la Tierra 
650 |a Desastres Naturales 
650 |a Aislamiento Social 
650 |a Problemas Sociales 
650 |a Monopolio 
650 |a Recursos Energéticos 
650 |a Recursos Naturales 
650 |a Navegación 
650 |a Comercio 
650 |a Sociedad Primitiva 
650 |a Ecología Social 
650 |a Sociología 
700 |a Rader, Peter  |e (guión) 
700 |a Twohy, David N.  |e (guión) 
700 |a Semler, Dean  |e (fotógrafo) 
700 |a Fuller, Scott  |e (fotógrafo) 
700 |a Boyle, Peter  |e (montaje) 
700 |a Howard, James Newton  |e (música) 
700 |a Costner, Kevin  |e (actuación) 
700 |a Hopper, Dennis  |e (actuación) 
700 |a Tripplehorn, Jeanne  |e (actuación) 
910 |a Fondo General 
920 |a Audiovisuales - DVDs 
940 |a Películas 
905 |a 302 
901 |a 0500093890  |b IT2  |c DVS  |u 20250521 
902 |a https://opac.biblio.iteso.mx/vufind/Record/000171376